Vplyv konceptu Priemysel 4.0 na spoločnosť

Charakteristika Priemyslu 4.0. Internet vecí. Technológia RFID. Nárast internetových pripojení do roku 2020. Priemysel 4.0 v legislatíve. Zverejnenie štátnej koncepcie na tému Priemysel 4.0 s názvom Inteligentný priemysel pre Slovensko. Vývoj smerom k big data a k vzájomne poprepájaným, inteligentný...

Ausführliche Beschreibung

Gespeichert in:
Bibliographische Detailangaben
1. Verfasser: Masárová, Tatiana
Weitere Verfasser: Kordoš, Marcel, Sokol, Jakub
Format: Buchkapitel
Sprache:Slowakisch
Schlagworte:
Tags: Tag hinzufügen
Keine Tags, Fügen Sie das erste Tag hinzu!

MARC

LEADER 00000naa$a2200000$$$4500
001 0251227
005 20190221111213.1
041 0 |a slo 
044 |a SK 
245 1 0 |a Vplyv konceptu Priemysel 4.0 na spoločnosť  |c Tatiana Masárová, Marcel Kordoš, Jakub Sokol 
520 |a Charakteristika Priemyslu 4.0. Internet vecí. Technológia RFID. Nárast internetových pripojení do roku 2020. Priemysel 4.0 v legislatíve. Zverejnenie štátnej koncepcie na tému Priemysel 4.0 s názvom Inteligentný priemysel pre Slovensko. Vývoj smerom k big data a k vzájomne poprepájaným, inteligentným a modulárnym kyberneticko-fyzikálnym systémom, ktoré navzájom komunikujú prostredníctvom internetu vecí (IoT). 
610 2 0 |a priemysel 4.0 
610 2 0 |a internet vecí 
610 2 0 |a dáta 
610 2 0 |a identifikácia vysokofrekvenčná 
610 2 0 |a systémy informačné 
610 2 0 |a systémy komunikačné 
100 1 |a Masárová, Tatiana 
700 1 |a Kordoš, Marcel 
700 1 |a Sokol, Jakub